000 00498cam a2200193ua 4500
001 12170
005 20260515114838.0
008 200226n ii |||gr||||Z||||||eng
020 _a9789389713213
040 _cMAIN
082 _a346.07
100 _aJoy Dhingra,
_eAuthor.
245 _aCorporate laws
_cBy Joy Dhingra and others
260 _aNew Delhi:
_bKalyani publishers,
_c2020.
653 _aPrivate law
700 _aK C Garg,
_eAuthor.
700 _aVijay Gupta,
_eAuthor.
942 _cBK
999 _c10917
_d10917